One-Hit-Wonder in Deutschland - Statistiken

Allgemein
  • Dieses Quiz wurde 108 mal gespielt
    89 seit der letzten Aktualisierung
  • Das Durchschnittsergebnis liegt bei 12 aus 114
Antwortstatistiken
Jahr Pl. W Song Land Interpret % Korrekt
2023 1 48 Friesenjung Deutschland Otto Waalkes
64%
2011 1 61 Somebody That I Used to Know Belgien / Australien Gotye
48%
2021 1 97 Wellerman UK Nathan Evans
36%
2016 2 47 The Sound Of Silence USA Disturbed
35%
2014 9 50 Riptide Australien Vance Joy
35%
2017 28 10 Saufen, morgens, mittags, abends Deutschland Ingo ohne Flamingo
29%
1984 1 69 Do They Know It's Christmas? UK /USA / Irland Band Aid
28%
2004 7 21 Do They Know It's Christmas? UK / Irland / Georgien Band Aid 20
28%
2014 2 14 Do They Know It's Christmas? UK /Irland Band Aid 30
28%
2018 4 58 Shallow USA Bradley Cooper
28%
1995 1 19 Mief! (Nimm mich jetzt, auch wenn ich stinke!) Deutschland Die Doofen
28%
2016 6 29 Cake By The Ocean USA DNCE
28%
1996 1 37 Macarena Spanien Los del Río
28%
2013 5 35 Ho Hey USA The Lumineers
28%
2012 5 45 Little Talks Island Of Monsters and Men
25%
2009 4 20 Fairytale Norwegen Alexander Rybak
24%
2014 1 35 Walk UK Kwabs
20%
2017 7 34 Feel It Still USA Portugal. The Man
20%
2015 10 44 Shut Up + Dance USA Walk The Moon
20%
2022 8 17 Rockstars Deutschland Malik Harris
19%
2015 11 19 Ghost Deutschland Jamie-Lee Kriewitz
18%
2022 8 64 Snap Armenien Rosa Linn
18%
2019 40 14 Auf das, was da noch kommt Deutschland Lotte
16%
1988 14 16 She's Like The Wind USA Patrick Swayze
16%
2010 3 36 Barbra Streisand USA / Kanada Duck Sauce
15%
1984 4 22 Ghostbusters USA Ray Parker, Jr.
15%
2011 1 61 Somebody That I Used to Know Neuseeland Kimbra
14%
1983 8 33 Our House UK Madness
14%
2022 33 12 Der Zug hat keine Bremse Deutschland Malle Anja
14%
2024 7 17 Belong Together USA Mark Ambor
14%
2012 1 51 One Day / Reckoning Song Israel Asaf Avidan
13%
1987 5 21 (I've Had) The Time Of My Life USA Bill Medley
13%
1987 1 24 Voyage, voyage Frankreich Desireless
13%
2024 74 15 The Night We Met USA Lord Huron
13%
1977 25 35 Black Betty USA Ram Jam
13%
1979 12 15 My Sharona USA The Knack
13%
2020 1 67 Mood USA Iann Dior
11%
2016 1 41 Don’t Be So Shy Frankreich / Komoren Imany
11%
2024 3 14 Pedro Deutschland Jaxomy
11%
2020 1 67 Mood USA 24kGoldn
10%
1974 22 13 Hooked on a Feeling Schweden Blue Swede
9%
1983 3 19 Die Sennerin vom Königsee BRD Kiz
9%
2021 24 21 Following The Sun UK /Schweden Neeka
9%
2020 18 20 Death Bed Kanada Powfu
9%
1982 1 32 Reality UK Richard Sanderson
9%
2021 24 21 Following The Sun UK Super-HI
9%
2019 29 34 Yapma Deutschland C Arma
8%
1982 21 18 Fred vom Jupiter BRD Die Doraus & die Marinas
8%
1982 22 17 Ein Jahr (Es geht voran) BRD Fehlfarben
8%
2010 1 75 Waka Waka (This Time For Africa) Südafrika Freshlyground
8%
1970 12 12 Wand’rin’ Star USA Lee Marvin
8%
1992 25 10 Baby Got Back USA Sir Mix-a-Lot
8%
1979 13 12 Rapper’s Delight USA The Sugarhill Gang
8%
1983 8 16 Der Knutschfleck BRD Ixi
6%
2008 8 19 Another Way To Die USA Jack White
6%
2017 25 24 Pretty Girl USA Maggie Lindemann
6%
1978 6 26 Ça plane pour moi Belgien Plastic Bertrand
6%
2019 36 27 Later Bitches Griechenland /Albanien The Prince Karma
6%
1988 14 16 She's Like The Wind ? Wendy Fraser
6%
1969 1 18 In the Year 2525 USA Zager and Evans
6%
2024 3 14 Pedro Deutschland Agatino Romero
5%
2010 20 10 Miss Kiss Kiss Bang Deutschland /USA Alex Swings Oscar Sings!
5%
2011 8 30 Something in the Water Neuseeland Brooke Fraser
5%
2023 15 41 Cynical UK Chris de Sarandy
5%
1987 4 20 Ich liebe dich BRD Clowns & Helden
5%
2004 2 27 Dragostea din tei Rumänien Haiducii
5%
1996 18 23 One Of Us USA Joan Osborne
5%
2024 12 27 LET'S GET FKD UP Belgien Mondello'G
5%
1970 1 14 Spirit in the Sky USA Norman Greenbaum
5%
1976 7 18 Disco Duck USA Rick Dees
5%
1995 4 23 Shut Up (And Sleep with Me) Deutschland Sin with Sebastian
5%
2023 52 10 Until I Found You USA Stephen Sanchez
5%
1986 3 14 New York – Rio – Tokyo BRD Trio Rio
5%
2006 1 37 Zeit, dass sich was dreht Mali Amadou & Mariam
4%
1996 1 17 Spaceman UK Babylon Zoo
4%
2020 18 20 Death Bed UK Beabadoobee
4%
2018 1 36 Je ne parle pas français Frankreich Black M
4%
2024 12 27 LET'S GET FKD UP ? CERES
4%
2016 1 38 This Girl Australien Cookin' on 3 Burners
4%
2023 7 39 Not Fair Deutschland Enny-Mae
4%
1989 3 16 Licence To Kill USA Gladys Knight
4%
1973 15 11 Eres tú Spanien Mocedades
4%
1983 13 13 All Time High USA Rita Coolidge
4%
2001 10 12 Liebficken Deutschland Sofaplanet
4%
1995 7 28 ’74–’75 USA The Connells
4%
1962 6 20 Telstar UK The Tornados
4%
1985 4 15 Woodpeckers from Space Niederlande Video Kids
4%
2008 25 16 Kleiner Hai Deutschland Alemuel
3%
2022 1 19 Olivia Deutschland DJ Cashi
3%
1978 24 10 Grease USA Frankie Valli
3%
1967 2 16 Excerpt From A Teenage Opera UK Keith West
3%
1979 6 26 Kingston, Kingston Belgien Lou And The Hollywood Bananas
3%
1992 16 24 You Never Walk Alone Deutschland Mathou
3%
1964 5 24 My Boy Lollipop Jamaika Millie Small
3%
2003 5 21 The Magic Key Frankreich One-T
3%
1983 34 11 Together We're Strong USA Patrick Duffy
3%
2024 74 15 The Night We Met USA Phoebe Bridgers
3%
1985 26 10 Kiss Me UK Stephen Duffy
3%
1994 5 21 Inside UK Stiltskin
3%
1980 14 13 Rock'n Roll In Old Blue Jeans BRD Thomas Ohrner
3%
2024 12 27 LET'S GET FKD UP Polen Tribbs
3%
1990 51 11 Frei zu leben Deutschland Chris Kempers
1%
1990 51 11 Frei zu leben Slowenien Daniel Kovac
1%
1979 12 18 Music Box Dancer Kanada Frank Mills
1%
2023 7 39 Not Fair Italien Old Jim
1%
1983 19 15 Never Never UK The Assembly
1%
2006 8 15 Nasty Girl USA Avery Storm
0%
1993 54 12 That’s What Love Can Do USA Boy Krazy
0%
2002 50 15 Ohne Holland fahr'n wir zur WM Österreich Helmut aus Mallorca
0%
2002 50 15 Ohne Holland fahr'n wir zur WM Deutschland Jojo’s
0%
1987 10 11 Casanova USA LeVert
0%
1998 5 23 If You Could Read My Mind USA / Niederlande / Deutschland Stars on 54
0%
2002 13 21 Everytime Deutschland The Flames
0%
1997 24 14 Your Woman UK / Indien Your Woman
0%
Keine übereinstimmenden Quizze gefunden
Verteilung der Resultate
Anzahl Personen mit jedem Resultat
Perzentil nach korrekt beantworteten Fragen
Ihre Resultats-Entwicklung
Sie haben dieses Quiz seit der letzten Aktualisierung nicht gespielt